45 Famous People from Ireland - Statistics

General Stats
  • This quiz has been taken 328 times
    34 since last reset
  • The average score is 19 of 45
Answer Stats
Hint Answer % Correct
Frontman of the rock band U2 Bono
88%
Actor who portrayed Tommy Shelby in the series Peaky Blinders Cillian Murphy
81%
Novelist who wrote Ulysses James Joyce
81%
Singer who performed the song Nothing Compares 2 U Sinead O'Connor
81%
Founder of the famous Dublin brewery Arthur Guinness
78%
Author of the Gothic horror novel Dracula Bram Stoker
72%
Mixed martial artist and UFC champion Conor McGregor
72%
Singer-songwriter and a member of the boy band One Direction Niall Horan
66%
Novelist who wrote The Portrait of Dorian Gray Oscar Wilde
66%
Actor who portrayed T. E. Lawrence in Lawrence of Arabia Peter O'Toole
63%
Actress who played in Atonement, Brooklyn and Ladybird Saoirse Ronan
63%
Actor who played James Bond Pierce Brosnan
59%
Singer known for her Celtic and New Age stylings Enya
53%
Author of Gulliver's Travels Jonathan Swift
53%
Lead singer of The Cranberries Dolores O'Riordan
50%
Leading figure in the Irish struggle for independence Michael Collins
47%
Most capped player and the top goal scorer of Ireland Robbie Keane
47%
Playwright who wrote Pygmalion and Saint Joan George Bernard Shaw
44%
Lead singer of the rock band The Boomtown Rats Bob Geldof
41%
Actor who played in Phone Booth, The Recruit and Daredevil Colin Farrell
41%
Actor who played Dumbledore in the early Harry Potter films Richard Harris
41%
Novelist who wrote the 1953 play Waiting for Godot Samuel Beckett
41%
Comedy chat show host Graham Norton
38%
Lead singer of boyband group Boyzone Ronan Keating
38%
Actor who played in Steve Jobs and 12 Years a Slave Michael Fassbender
34%
Actor who rose to fame in Normal People and starred in Gladiator II Paul Mescal
34%
Poet who wrote Sailing to Byzantinum William Butler Yeats
34%
Anglo-Irish explorer who led three expeditions to the Antarctic Ernest Shackleton
31%
CEO of Ryanair airline Michael O'Leary
31%
Political leader referred as 'the Liberator' Daniel O'Connell
28%
Female professional boxer and world champion Katie Taylor
28%
First female president of Ireland from 1990 to 1997 Mary Robinson
28%
President of Ireland from 2011 to 2025 Michael D. Higgins
28%
Long distance runner and world champion in athletics Sonia O'Sullivan
28%
Actor who played in The Usual Suspects and Miller’s Crossing Gabriel Byrne
25%
Famous redhead who often played in westerns and adventure films Maureen O'Hara
25%
Captain of the Ireland rugby team from 2003 until 2012 Brian O'Driscoll
22%
Founder of a F1 team which operated from 1991 to 2005 Eddie Jordan
19%
Comedian and the star of sitcom Mrs Brown's Boys Brendan O'Carroll
16%
Actress who won Oscars for Best Actress for her role in Hamnet Jessie Buckley
16%
Crime reporter who was shot dead by drug lords in 1996 Veronica Guerin
16%
Female pirate and partner of Calico Jack Rackham Anne Bonny
13%
Second of only two cyclists to win the Triple Crown of victories Stephen Roche
6%
Female sprinter and national record holder from the 60m up to the 400m Rhasidat Adeleke
0%
Antarctic explorer who participated in three British expeditions Tom Crean
0%
No matching quizzes found
Score Distribution
Percent of People with Each Score
Percentile by Number Answered
Your Score History
You have not taken this quiz since the last reset